La orictognósia / (Record no. 167927)
[ view plain ]
| 000 -LEADER | |
|---|---|
| campo de control de longitud fija | 01052nam a22002415i 4500 |
| 001 - NÚMERO DE CONTROL | |
| campo de control | 167927 |
| 003 - IDENTIFICADOR DE NÚMERO DE CONTROL | |
| campo de control | ES-MaACL |
| 005 - FECHA Y HORA DE LA ÚLTIMA TRANSACCIÓN | |
| campo de control | 20230906213627.0 |
| 008 - DATOS DE LONGITUD FIJA--INFORMACIÓN GENERAL | |
| campo de control de longitud fija | 910511m17971798sp |||| | spa d |
| 040 ## - FUENTE DE CATALOGACIÓN | |
| Centro catalogador/agencia de origen | CAM |
| Lengua de catalogación | spa |
| Centro/agencia transcriptor | CAM |
| 100 1# - ENTRADA PRINCIPAL--NOMBRE DE PERSONA | |
| Nombre de persona | Widenmann, Johann Friedrich Wilhelm. |
| 9 (RLIN) | 133927 |
| 245 13 - MENCIÓN DEL TÍTULO | |
| Título | La orictognósia / |
| Mención de responsabilidad, etc. | escrita en aleman por D. Juan Federico Guillermo Widenmann ... ; y traducida por Don Christiano Herrgen ... ; tomo I [- II]. |
| 260 ## - PUBLICACIÓN, DISTRIBUCIÓN, ETC. | |
| Lugar de publicación, distribución, etc. | Madrid : |
| Nombre del editor, distribuidor, etc. | en la Imprenta Real, por D. Pedro Julian Pereyra ..., |
| Fecha de publicación, distribución, etc. | 1797-1798. |
| 300 ## - DESCRIPCIÓN FÍSICA | |
| Extensión | 2 v. ([16], 396 p. ; 466, [2] p.) : |
| Otras características físicas | il. ; |
| Dimensiones | 8º. |
| 500 ## - NOTA GENERAL | |
| Nota general | Las h. de grab. pleg. son calc. |
| 530 ## - NOTA DISPONIBLE DE FORMULARIO FÍSICO ADICIONAL | |
| Nota de formato físico adicional disponible | Disponible en formanto digital. |
| 597 ## - NOTA DE DESCRIPCIÓN FÍSICA | |
| NOTA DE DESCRIPCIÓN FÍSICA | Sign.: [ ]8, A-2A8, 2B4, 2C² ; [ ]8, B-Z8, 2A-2F8, 2G². |
| 597 ## - NOTA DE DESCRIPCIÓN FÍSICA | |
| NOTA DE DESCRIPCIÓN FÍSICA | Antep. |
| 650 #4 - PUNTO DE ACCESO ADICIONAL DE MATERIA--TÉRMINO DE MATERIA | |
| Término de materia o nombre geográfico como elemento de entrada | Fósiles. |
| 9 (RLIN) | 136152 |
| 700 1# - ENTRADA AGREGADA--NOMBRE PERSONAL | |
| Nombre de persona | Herrgen, Christiano. |
| 9 (RLIN) | 63365 |
| 852 ## - LOCALIZACIÓN | |
| Ubicación | ES-MaACL |
| Número de control de estantería | R-1151-52 |
| Nota libre | -- Enc. pasta española |
| Encuadernación | Olim: G-10846-47 |
| 856 ## - LOCALIZACIÓN Y ACCESO ELECTRÓNICOS | |
| Identificador Uniforme de Recursos | <a href="http://bdh-rd.bne.es/viewer.vm?id=0000045915&page=1 ">http://bdh-rd.bne.es/viewer.vm?id=0000045915&page=1 </a> |
| Nota pública | Biblioteca Digital Hispánica |
| Estatus retirado | Estado de pérdida | Estado de daño | No para préstamo | Colección | Biblioteca de origen | Biblioteca actual | Ubicación en estantería | Fecha de adquisición | Total de préstamos | Signatura topográfica completa | Código de barras | Visto por última vez | Precio de reemplazo | Tipo de ítem Koha |
|---|---|---|---|---|---|---|---|---|---|---|---|---|---|---|
| Colección digital | Biblioteca del Ateneo de Madrid | Biblioteca del Ateneo de Madrid | Depósito | 17/01/2008 | R-1151-52 | 1176175 | 23/02/2023 | 23/02/2023 | Libro impreso antiguo |
